| 000 | 00487nam a22001697a 4500 | ||
|---|---|---|---|
| 005 | 20241106184645.0 | ||
| 008 | 241106b |||||||| |||| 00| 0 eng d | ||
| 020 | _a9781423904625 | ||
| 050 |
_aQA76.5 _b.W46 |
||
| 100 | _aWells, Dolores | ||
| 245 |
_aComputer Concepts BASIC/ _cDolores Wells |
||
| 250 | _a4th Ed. | ||
| 260 |
_aAustralia _bCourse Technology, Cengage Learning _c2010 |
||
| 300 |
_axi.459p. _bill. color _c27.5cm |
||
| 650 | _2Computer Concepts | ||
| 942 |
_2lcc _cBK _e4th Ed. _n0 |
||
| 999 |
_c752 _d752 |
||